| 000 | 00784cam a2200217 a 4500 | ||
|---|---|---|---|
| 020 | _a0471142182 (cloth : acidfree paper) | ||
| 040 | _cDLC | ||
| 082 | 0 | 0 | _a628 WIL 1996 A047 Or. |
| 100 | 1 | _aWaxman, Michael F., | |
| 245 | 1 | 0 |
_aHazardous waste site operations : _ba training manual for site professionals / |
| 260 |
_aNew York : _bWiley, _cc1996. |
||
| 300 |
_axvi, 440 p. : _bill., maps ; _c24 cm. |
||
| 500 | _a"A Wiley-Interscience publication." | ||
| 650 | 0 | _aHazardous waste sites | |
| 650 | 0 | _aHazardous waste sites | |
| 650 | 0 | _aHazardous wastes | |
| 856 | 4 | 2 | _uhttp://www.loc.gov/catdir/bios/wiley041/95052753.html |
| 856 | 4 | 2 | _uhttp://www.loc.gov/catdir/description/wiley031/95052753.html |
| 856 | 4 | _uhttp://www.loc.gov/catdir/toc/onix01/95052753.html | |
| 942 | _cEK | ||
| 999 |
_c13541 _d13541 |
||